Statistics for Mambo No. 5 Women

Click here to take the quiz!

General Stats

  • This quiz has been taken 1,621 times
  • The average score is 6 of 7

Answer Stats

Name% Correct
A little bit ofJessicahere I am
89%
A little bit ofMonicain my life
89%
A little bit ofSandrain the sun
83%
A little bit ofRitais all I need
79%
A little bit ofMaryall night long
76%
A little bit ofEricaby my side
74%
A little bit ofTinais what I see
74%

Score Distribution

Percentile by Number Answered

Percent of People with Each Score

Your Score History

You have not taken this quiz